[Event "Catalunya-chT Gp2 Final"]
[Site "Barcelona"]
[Date "2023.03.25"]
[Round "3.3"]
[White "Plasencia Martinez, Victor"]
[Black "Dominguez Pons, Eric"]
[Result "1/2-1/2"]
[WhiteElo "2163"]
[BlackElo "2335"]
[PlyCount "71"]
[EventDate "2023.03.11"]
[EventType "team-k.o."]
[EventRounds "4"]
[EventCountry "ESP"]
[SourceTitle "EXT 2024"]
[Source "ChessBase"]
[SourceDate "2023.10.10"]
[SourceVersion "1"]
[SourceVersionDate "2023.10.10"]
[SourceQuality "1"]
[WhiteTeam "Lira Vendrellenca"]
[BlackTeam "Sant Andreu"]
[WhiteTeamCountry "ESP"]
[BlackTeamCountry "ESP"]

1. e4 d5 2. exd5 Qxd5 3. Nc3 Qa5 4. d4 Nf6 5. Nf3 Bg4 6. h3 Bh5 7. g4 Bg6 8. Ne5 c6 9. h4 Nbd7 10. Nc4 Qc7 11. h5 Be4 12. Nxe4 Nxe4 13. Qf3 Nd6 14. Bf4 Nb6 15. Ne5 Nd5 16. Nxf7 Nxf4 17. Nxh8 Qa5+ 18. c3 Qd5 19. Qxd5 cxd5 20. g5 Ne6 21. g6 h6 22. Bg2 Nf4 23. Bf3 e6 24. 0-0-0 Be7 25. Rhe1 Kd7 26. Nf7 Nxf7 27. gxf7 Rf8 28. Bg4 Rxf7 29. Kb1 Bh4 30. Rd2 Rf6 31. c4 Kd6 32. cxd5 Nxd5 33. Rde2 Nf4 34. Rd2 Nd5 35. Rde2 Nf4 36. Rd2 1/2-1/2

[Event "Catalunya-chT Final A+B"]
[Site "Barcelona"]
[Date "2020.03.07"]
[Round "8.7"]
[White "Lerch Gallemi, Jose Maria"]
[Black "Plasencia Martinez, Victor"]
[Result "1-0"]
[WhiteElo "2113"]
[BlackElo "2143"]
[PlyCount "83"]
[EventDate "2020.03.07"]
[EventType "team-tourn"]
[EventRounds "11"]
[EventCountry "ESP"]
[SourceTitle "EXT 2023"]
[Source "ChessBase"]
[SourceDate "2022.10.05"]
[SourceVersion "1"]
[SourceVersionDate "2022.10.05"]
[SourceQuality "1"]
[WhiteTeam "Sant Cugat"]
[BlackTeam "Salauris"]
[WhiteTeamCountry "ESP"]
[BlackTeamCountry "ESP"]

1. e4 c5 2. Nc3 Nc6 3. f4 e6 4. Nf3 d5 5. Bb5 Nf6 6. Bxc6+ bxc6 7. Qe2 Be7 8. d3 0-0 9. 0-0 Ba6 10. b3 Rb8 11. e5 Nd7 12. Rd1 Qc7 13. Na4 c4 14. dxc4 Rfd8 15. Be3 c5 16. Nd2 Nf8 17. Nb2 f6 18. Nd3 d4 19. Bf2 f5 20. Nf3 Ng6 21. c3 dxc3 22. Be3 Bb7 23. Nf2 Nh4 24. Ne1 Qc6 25. Rxd8+ Rxd8 26. Nd1 g5 27. Nxc3 gxf4 28. Bxf4 Rd4 29. Bg3 Rg4 30. Rd1 h5 31. Rd3 Qe8 32. Qf2 Nxg2 33. Nxg2 h4 34. Ne2 Qc6 35. Nef4 hxg3 36. Rxg3 Bg5 37. h3 Bxf4 38. Qxf4 Rxg3 39. Qxg3+ Kf7 40. Nf4 Qh1+ 41. Kf2 Be4 42. Qg6+ 1-0

[Event "Vilafranca del Penedes op 13th"]
[Site "Vilafranca del Penedes"]
[Date "2019.05.24"]
[Round "7"]
[White "Plasencia Martinez, Victor"]
[Black "Esplugas Esteve, Vicenc"]
[Result "0-1"]
[WhiteElo "2177"]
[BlackElo "2291"]
[PlyCount "78"]
[EventDate "2019.03.29"]
[EventType "swiss"]
[EventRounds "9"]
[EventCountry "ESP"]
[SourceTitle "CBM 190 Extra"]
[Source "ChessBase"]
[SourceDate "2019.07.15"]
[SourceVersion "1"]
[SourceVersionDate "2019.07.15"]
[SourceQuality "1"]

1. e4 e6 2. Qe2 c5 3. Nf3 Nc6 4. g3 Be7 5. Bg2 d5 6. d3 Nf6 7. 0-0 0-0 8. e5 Nd7 9. c4 b5 10. cxd5 exd5 11. Nc3 Nb6 12. Nxb5 a6 13. Nc3 Bg4 14. h3 Nd4 15. Qd1 Nxf3+ 16. Bxf3 Bxh3 17. Re1 Be6 18. d4 Rc8 19. Ne2 Qd7 20. b3 Bg4 21. Bxg4 Qxg4 22. Ba3 Rfe8 23. Nf4 Qf5 24. Rc1 Bg5 25. dxc5 Nd7 26. Qxd5 Nxe5 27. Re3 Rcd8 28. Qb7 Bxf4 29. gxf4 Nd3 30. Rc4 Nxf4 31. Rxf4 Qxf4 32. Rf3 Qg4+ 33. Rg3 Qh4 34. Kg2 Re1 35. Rh3 Qg4+ 36. Rg3 Qh5 37. Rh3 Rg1+ 38. Kxg1 Qxh3 39. f4 Qg3+ 0-1

[Event "Vilafranca del Penedes op 13th"]
[Site "Vilafranca del Penedes"]
[Date "2019.05.17"]
[Round "6"]
[White "Avila Jimenez, Xavier"]
[Black "Plasencia Martinez, Victor"]
[Result "1/2-1/2"]
[WhiteElo "2159"]
[BlackElo "2177"]
[PlyCount "91"]
[EventDate "2019.03.29"]
[EventType "swiss"]
[EventRounds "9"]
[EventCountry "ESP"]
[SourceTitle "CBM 190 Extra"]
[Source "ChessBase"]
[SourceDate "2019.07.15"]
[SourceVersion "1"]
[SourceVersionDate "2019.07.15"]
[SourceQuality "1"]

1. d4 Nf6 2. Bf4 c5 3. e3 d5 4. Nc3 e6 5. Nb5 Na6 6. c3 Be7 7. a4 0-0 8. Nf3 Nh5 9. Be5 f6 10. Bg3 Nxg3 11. hxg3 Nc7 12. Bd3 g6 13. Bxg6 hxg6 14. Nh4 Ne8 15. Nxg6 Ng7 16. Rh8+ Kf7 17. Nxf8 Bxf8 18. dxc5 Qd7 19. Qd4 a6 20. Nd6+ Bxd6 21. cxd6 Qxd6 22. 0-0-0 b5 23. e4 bxa4 24. exd5 e5 25. Qxa4 Bd7 26. Qh4 Rxh8 27. Qxh8 Qb6 28. Qa8 Bf5 29. Rd2 Qa5 30. Qb7+ Kg6 31. Kd1 Qa4+ 32. Ke1 Qe4+ 33. Kf1 Qb1+ 34. Ke2 Qe4+ 35. Kf1 Qb1+ 36. Ke2 Nh5 37. Qe7 Qe4+ 38. Kf1 Qb1+ 39. Ke2 Bg4+ 40. f3 Nxg3+ 41. Kf2 Nh1+ 42. Ke2 Ng3+ 43. Kf2 Nh1+ 44. Ke2 Qe4+ 45. Kf1 Qb1+ 46. Ke2 1/2-1/2

[Event "Vilafranca del Penedes op 13th"]
[Site "Vilafranca del Penedes"]
[Date "2019.03.29"]
[Round "1"]
[White "Plasencia Martinez, Victor"]
[Black "Garcia Agudo, Cayetano"]
[Result "1-0"]
[WhiteElo "2177"]
[BlackElo "1736"]
[PlyCount "63"]
[EventDate "2019.03.29"]
[EventType "swiss"]
[EventRounds "9"]
[EventCountry "ESP"]
[SourceTitle "CBM 190 Extra"]
[Source "ChessBase"]
[SourceDate "2019.07.15"]
[SourceVersion "1"]
[SourceVersionDate "2019.07.15"]
[SourceQuality "1"]

1. e4 e5 2. Nf3 Nc6 3. Bb5 a6 4. Ba4 Nf6 5. Qe2 Be7 6. 0-0 b5 7. Bb3 0-0 8. c3 Bb7 9. d4 Na5 10. Bc2 d6 11. dxe5 dxe5 12. Nxe5 Bd6 13. Ng4 Nxg4 14. Qxg4 Nc4 15. Qh3 Bc8 16. Qh5 g6 17. Qh6 Be5 18. a4 Bg7 19. Qf4 Be5 20. Qf3 Qh4 21. g3 Bg4 22. Qd3 Qh3 23. Bd1 Rad8 24. Bxg4 Qxg4 25. Qc2 Qf3 26. Bh6 Rfe8 27. axb5 axb5 28. Na3 Nxb2 29. Qxb2 Bxc3 30. Qb3 Rd3 31. Rad1 Bd2 32. Qxb5 1-0

[Event "Sitges op 44th"]
[Site "Sitges"]
[Date "2018.07.26"]
[Round "6"]
[White "Plasencia Martinez, Victor"]
[Black "Grafl, Florian"]
[Result "0-1"]
[WhiteElo "2215"]
[BlackElo "2364"]
[PlyCount "228"]
[EventDate "2018.07.22"]
[EventType "swiss"]
[EventRounds "9"]
[EventCountry "ESP"]
[SourceTitle "CBM 185 Extra"]
[Source "ChessBase"]
[SourceDate "2018.07.29"]
[SourceVersion "1"]
[SourceVersionDate "2018.07.29"]
[SourceQuality "1"]

1. e4 a6 2. d4 b5 3. Nf3 Bb7 4. Bd3 Nf6 5. Qe2 e6 6. 0-0 c5 7. dxc5 Bxc5 8. a4 b4 9. Nbd2 d6 10. Nb3 Ba7 11. Bg5 Nc6 12. Kh1 Bb6 13. Rad1 Qe7 14. Be3 Bxe3 15. Qxe3 Qc7 16. Nfd2 Ne5 17. h3 0-0 18. f4 Ned7 19. a5 e5 20. fxe5 Nxe5 21. Qd4 Rab8 22. Rf5 Rfe8 23. Rdf1 Qe7 24. Qa7 Ra8 25. Qd4 Bc8 26. R5f2 Nh5 27. Qxb4 Ng3+ 28. Kg1 Nxd3 29. cxd3 Nxf1 30. Nxf1 Be6 31. Nd4 d5 32. Qxe7 Rxe7 33. exd5 Bxd5 34. Rc2 g6 35. Kf2 Rd8 36. Ne2 Rd6 37. d4 Rf6+ 38. Kg1 Bc4 39. Nfg3 Bb5 40. Nc3 Bc6 41. d5 Re1+ 42. Kh2 Bd7 43. Nge4 Rff1 44. Nc5 Bf5 45. Rd2 h5 46. Rd4 g5 47. g4 Rh1+ 48. Kg2 Rhg1+ 49. Kf2 hxg4 50. hxg4 Ref1+ 51. Ke2 Bc8 52. d6 Ra1 53. d7 Bxd7 54. Nxd7 Rg2+ 55. Kd3 Rxb2 56. Rd5 Rf1 57. Rxg5+ Kh8 58. Rh5+ Kg7 59. Rg5+ Kh6 60. Rc5 Rg2 61. Rc6+ Kg7 62. Rxa6 Rf3+ 63. Ke4 Rxc3 64. Ne5 Rc5 65. Kd4 Rc7 66. Ke3 Ra2 67. Nc6 Rc2 68. Nd4 R2c3+ 69. Kd2 Kf8 70. Nb5 Rc2+ 71. Kd3 Rc8 72. Nd6 R2c6 73. Rxc6 Rxc6 74. Nc4 Rg6 75. Ne5 Rg5 76. Ke4 f6 77. Nc6 Rc5 78. Nd4 Rxa5 79. Kf3 Kf7 80. Nf5 Kg6 81. Ng3 Kf7 82. Kf4 Ke6 83. Ne2 Ra4+ 84. Kg3 Ke5 85. Ng1 Ra3+ 86. Kh4 Ra4 87. Kg3 Ke4 88. Ne2 Ra3+ 89. Kh4 Kf3 90. Nd4+ Ke4 91. Ne6 Ke5 92. Nc5 Rc3 93. Nd7+ Ke6 94. Nf8+ Kf7 95. Nd7 Ke7 96. Nb6 Kd6 97. Kh5 Kc6 98. Nc8 Kd7 99. Nb6+ Ke6 100. Kh4 Rc6 101. Na4 f5 102. gxf5+ Kxf5 103. Kg3 Ke4 104. Nb2 Ke3 105. Nd1+ Ke2 106. Nf2 Rc3+ 107. Kg2 Rf3 108. Ne4 Ke3 109. Ng3 Rf2+ 110. Kg1 Kf3 111. Nf1 Rg2+ 112. Kh1 Rg8 113. Nd2+ Ke3 114. Nc4+ Kf2 0-1

[Event "Catalunya-ch"]
[Site "Vila Seca"]
[Date "2018.03.22"]
[Round "1.1"]
[White "Plasencia Martinez, Victor"]
[Black "Asis Gargatagli, Hipolito"]
[Result "1/2-1/2"]
[WhiteElo "2178"]
[BlackElo "2529"]
[PlyCount "50"]
[EventDate "2018.03.22"]
[EventType "k.o."]
[EventRounds "4"]
[EventCountry "ESP"]
[SourceTitle "CBM 183 Extra"]
[Source "ChessBase"]
[SourceDate "2018.04.19"]
[SourceVersion "1"]
[SourceVersionDate "2018.04.19"]
[SourceQuality "1"]

1. e4 c5 2. Nf3 e6 3. d4 cxd4 4. Nxd4 Nf6 5. Nc3 d6 6. g4 h6 7. Rg1 Nc6 8. Be3 a6 9. Be2 g5 10. Qd2 Nxd4 11. Qxd4 e5 12. Qd3 Be6 13. 0-0-0 Qa5 14. Kb1 Rc8 15. Nd5 Nxd5 16. exd5 Bd7 17. Qe4 Be7 18. Rg3 Qa4 19. c4 b5 20. b3 Qb4 21. Bd2 Qc5 22. Be3 Qb4 23. Bd2 Qc5 24. Be3 Qc7 25. Rc1 Qc5 1/2-1/2

[Event "Tarragona-chA"]
[Site "Tarragona"]
[Date "2017.10.08"]
[Round "1"]
[White "Cabo Salcedo, Javier"]
[Black "Plasencia Martinez, Victor"]
[Result "0-1"]
[WhiteElo "1804"]
[BlackElo "2161"]
[PlyCount "48"]
[EventDate "2017.10.08"]
[EventType "swiss"]
[EventRounds "9"]
[EventCountry "ESP"]
[SourceTitle "CBM 181 Extra"]
[Source "ChessBase"]
[SourceDate "2017.12.12"]
[SourceVersion "1"]
[SourceVersionDate "2017.12.12"]
[SourceQuality "1"]

1. e4 c5 2. f4 Nf6 3. d3 Nc6 4. Nf3 d5 5. e5 Ng8 6. Be3 Bg4 7. h3 Bxf3 8. Qxf3 e6 9. Be2 Nge7 10. 0-0 Nf5 11. Nd2 Nfd4 12. Bxd4 Nxd4 13. Qf2 Nxc2 14. Bd1 Nd4 15. Nb3 Nxb3 16. Bxb3 Qa5 17. Qf3 g6 18. g4 h5 19. f5 hxg4 20. hxg4 gxf5 21. gxf5 0-0-0 22. Rf2 c4 23. dxc4 Bc5 24. cxd5 Qd2 0-1

[Event "Salou op"]
[Site "Salou"]
[Date "2017.04.30"]
[Round "3"]
[White "Plasencia Martinez, Victor"]
[Black "Farre Selma, David"]
[Result "1/2-1/2"]
[WhiteElo "2153"]
[BlackElo "1918"]
[PlyCount "65"]
[EventDate "2017.04.29"]
[EventType "swiss"]
[EventRounds "6"]
[EventCountry "ESP"]
[SourceTitle "CBM 178 Extra"]
[Source "ChessBase"]
[SourceDate "2017.06.22"]
[SourceVersion "1"]
[SourceVersionDate "2017.06.22"]
[SourceQuality "1"]

1. e4 d6 2. d4 Nf6 3. Nc3 c6 4. f4 Qa5 5. Bd3 e5 6. Nf3 Bg4 7. Be3 Nbd7 8. 0-0 exd4 9. Bxd4 Be7 10. a3 0-0 11. h3 Bxf3 12. Qxf3 c5 13. Be3 a6 14. g4 h6 15. Qg2 Nh7 16. Nd5 Qd8 17. c4 Nb6 18. Nc3 Bf6 19. e5 dxe5 20. Qc2 g6 21. Bxc5 Be7 22. Bxe7 Qxe7 23. b4 exf4 24. Rae1 Qh4 25. Qg2 Ng5 26. Kh2 Rad8 27. Nd5 Nxd5 28. cxd5 f3 29. Qg3 Qxg3+ 30. Kxg3 Rxd5 31. Bb1 Rfd8 32. h4 Nh7 33. Kxf3 1/2-1/2

[Event "Torredembarra op 17th"]
[Site "Torredembarra"]
[Date "2015.07.12"]
[Round "9"]
[White "Plasencia Martinez, Victor"]
[Black "Avila Jimenez, Xavier"]
[Result "1-0"]
[WhiteElo "2172"]
[BlackElo "2214"]
[PlyCount "103"]
[EventDate "2015.07.04"]
[EventType "swiss"]
[EventRounds "9"]
[EventCountry "ESP"]
[SourceTitle "CBM 167 Extra"]
[Source "ChessBase"]
[SourceDate "2015.09.14"]
[SourceVersion "1"]
[SourceVersionDate "2015.09.14"]
[SourceQuality "1"]

1. e4 c6 2. d4 d5 3. Nc3 dxe4 4. Nxe4 Bf5 5. Ng3 Bg6 6. h4 h6 7. Nf3 Nd7 8. h5 Bh7 9. Bd3 Bxd3 10. Qxd3 e6 11. Bd2 Ngf6 12. 0-0-0 Rc8 13. Rhe1 Be7 14. Qe2 0-0 15. Ne5 c5 16. Ng6 Re8 17. Nxe7+ Qxe7 18. d5 Nxd5 19. Bxh6 Qh4 20. c4 gxh6 21. cxd5 exd5 22. Qd2 Qc4+ 23. Kb1 Rxe1 24. Rxe1 Qb4 25. Qxb4 cxb4 26. Nf5 Kf8 27. Nxh6 Nf6 28. Nf5 Nxh5 29. Rh1 Re8 30. Rxh5 Re1+ 31. Kc2 Ke8 32. Nd4 Rf1 33. Rf5 Ke7 34. g4 a5 35. Kb3 b6 36. f3 Kd6 37. Rxf7 Kc5 38. Ne6+ Kb5 39. a4+ bxa3 40. bxa3 a4+ 41. Kc3 Rc1+ 42. Kd3 Rd1+ 43. Kc2 Re1 44. Re7 Ra1 45. Kb2 Rf1 46. Rc7 Ka5 47. f4 b5 48. Rc1 Rf3 49. Rc3 Rf2+ 50. Rc2 Rf3 51. g5 d4 52. g6 1-0

[Event "Tarragona Province-ch"]
[Site "Hospitalet de l'Infant"]
[Date "2013.11.24"]
[Round "8"]
[White "Plasencia Martinez, Victor"]
[Black "Regue Farran, Enric"]
[Result "1-0"]
[WhiteElo "2191"]
[BlackElo "2053"]
[PlyCount "59"]
[EventDate "2013.10.06"]
[EventType "swiss"]
[EventRounds "9"]
[EventCountry "ESP"]
[SourceTitle "EXT 2017"]
[Source "ChessBase"]
[SourceDate "2016.10.25"]
[SourceVersion "1"]
[SourceVersionDate "2016.10.25"]
[SourceQuality "1"]

1. e4 c5 2. Nf3 d6 3. d4 cxd4 4. Qxd4 Nc6 5. Bb5 Bd7 6. Bxc6 Bxc6 7. Nc3 Nf6 8. Bg5 Qb6 9. Bxf6 gxf6 10. Qxb6 axb6 11. Nd4 Rg8 12. 0-0 Bh6 13. Nd5 Bxd5 14. exd5 Rg5 15. c4 Rc8 16. f4 Rg4 17. Nf5 Bxf4 18. h3 Bh2+ 19. Kxh2 Rgxc4 20. Rae1 Kf8 21. Rxe7 Rc2 22. Rxb7 Rxb2 23. Rxf7+ Kxf7 24. Nxd6+ Kg7 25. Nxc8 Rxa2 26. Nxb6 Rb2 27. Nd7 Rd2 28. Nxf6 Kg6 29. Rf4 Rd3 30. h4 1-0

[Event "Vilafranca del Penedes op 6th"]
[Site "Vilafranca del Penedes"]
[Date "2012.05.11"]
[Round "5"]
[White "Moreno Carretero, Carles"]
[Black "Plasencia Martinez, Victor"]
[Result "0-1"]
[WhiteElo "2147"]
[BlackElo "2153"]
[PlyCount "85"]
[EventDate "2012.04.13"]
[EventType "swiss"]
[EventRounds "8"]
[EventCountry "ESP"]
[SourceTitle "CBM 148 Extra"]
[Source "ChessBase"]
[SourceDate "2012.06.22"]
[SourceVersion "1"]
[SourceVersionDate "2012.06.22"]
[SourceQuality "1"]

1. e4 c5 2. Nf3 d6 3. d4 cxd4 4. Nxd4 Nf6 5. Nc3 g6 6. Be3 Bg7 7. f3 0-0 8. Bc4 Nc6 9. Bb3 Bd7 10. Qd2 Qa5 11. 0-0-0 Rfc8 12. g4 Ne5 13. h4 Nc4 14. Bxc4 Rxc4 15. Nb3 Qa6 16. Kb1 Rac8 17. h5 Rxc3 18. bxc3 Bxg4 19. e5 Bxf3 20. exf6 Bxf6 21. hxg6 hxg6 22. Bd4 Bxd1 23. Bxf6 exf6 24. Qh6 Bh5 25. Nd4 Qa5 26. Rg1 Rxc3 27. Qd2 Qb4+ 28. Ka1 Rc4 29. Qxb4 Rxb4 30. c3 Rc4 31. Kb2 Rc5 32. Kc2 g5 33. Kd2 Bg6 34. Nb3 Rd5+ 35. Ke2 Re5+ 36. Kf2 Be4 37. Rd1 Bd5 38. Nc1 Kg7 39. Nd3 Rf5+ 40. Kg3 Rf3+ 41. Kh2 Bxa2 42. Nc1 Rxc3 43. Kg1 0-1

[Event "Vilafranca del Penedes op 6th"]
[Site "Vilafranca del Penedes"]
[Date "2012.04.27"]
[Round "3"]
[White "Tutusaus Marrugat, Carles"]
[Black "Plasencia Martinez, Victor"]
[Result "1/2-1/2"]
[WhiteElo "1945"]
[BlackElo "2153"]
[PlyCount "32"]
[EventDate "2012.04.13"]
[EventType "swiss"]
[EventRounds "8"]
[EventCountry "ESP"]
[SourceTitle "CBM 148 Extra"]
[Source "ChessBase"]
[SourceDate "2012.06.22"]
[SourceVersion "1"]
[SourceVersionDate "2012.06.22"]
[SourceQuality "1"]

1. e4 c5 2. Nc3 Nc6 3. f4 g6 4. Nf3 Bg7 5. Bc4 d6 6. 0-0 e6 7. d3 Nge7 8. Qe1 0-0 9. Kh1 Nd4 10. Nxd4 Bxd4 11. f5 d5 12. Bb3 dxe4 13. Bh6 Re8 14. fxe6 Bxe6 15. Bxe6 fxe6 16. Nxe4 Nf5 1/2-1/2

[Event "Vilafranca del Penedes op 3rd"]
[Site "Vilafranca del Penedes"]
[Date "2009.05.22"]
[Round "5.1"]
[White "Rojas Keim, Luis Alberto"]
[Black "Plasencia Martinez, Victor"]
[Result "1-0"]
[WhiteElo "2444"]
[BlackElo "2121"]
[PlyCount "65"]
[EventDate "2009.04.17"]
[EventType "swiss"]
[EventRounds "8"]
[EventCountry "ESP"]
[SourceTitle "EXT 2024"]
[Source "ChessBase"]
[SourceDate "2023.10.10"]
[SourceVersion "1"]
[SourceVersionDate "2023.10.10"]
[SourceQuality "1"]

1. e4 e5 2. Nf3 Nc6 3. d4 exd4 4. Nxd4 Nf6 5. Nxc6 bxc6 6. e5 Qe7 7. Qe2 Nd5 8. c4 Qb4+ 9. Nd2 Nf4 10. Qf3 Ne6 11. Bd3 Bb7 12. 0-0 Be7 13. Ne4 c5 14. Be3 Bc6 15. b3 Qb7 16. Qf5 Bxe4 17. Bxe4 c6 18. Rad1 Qc7 19. f4 g6 20. Qg4 Nd4 21. Kh1 h5 22. Qh3 0-0-0 23. Bxd4 cxd4 24. Rxd4 Bc5 25. Rd3 g5 26. fxg5 Qxe5 27. Bxc6 Qe6 28. Bd5 Qxh3 29. Rxh3 Rdg8 30. Rf5 Be7 31. Bxf7 Rxg5 32. Rxg5 Bxg5 33. Rxh5 1-0

[Event "Vilafranca del Penedes op 3rd"]
[Site "Vilafranca del Penedes"]
[Date "2009.05.15"]
[Round "4.2"]
[White "Plasencia Martinez, Victor"]
[Black "Rodriguez Becerro, Miquel"]
[Result "1-0"]
[WhiteElo "2121"]
[BlackElo "2119"]
[PlyCount "41"]
[EventDate "2009.04.17"]
[EventType "swiss"]
[EventRounds "8"]
[EventCountry "ESP"]
[SourceTitle "EXT 2024"]
[Source "ChessBase"]
[SourceDate "2023.10.10"]
[SourceVersion "1"]
[SourceVersionDate "2023.10.10"]
[SourceQuality "1"]

1. e4 d6 2. d4 Nf6 3. Nc3 g6 4. g3 Bg7 5. Bg2 0-0 6. h3 c6 7. a4 Nbd7 8. Nge2 Qa5 9. 0-0 a6 10. Be3 c5 11. Qd2 cxd4 12. Nxd4 Ne5 13. b3 Bd7 14. Nd5 Qd8 15. Bh6 e6 16. Nxf6+ Qxf6 17. Bg5 Nc4 18. Bxf6 Nxd2 19. Bxg7 Kxg7 20. Rfd1 e5 21. Ne2 1-0

[Event "Vilafranca del Penedes op 3rd"]
[Site "Vilafranca del Penedes"]
[Date "2009.05.08"]
[Round "3.4"]
[White "Colet Fernandez, Josep A"]
[Black "Plasencia Martinez, Victor"]
[Result "0-1"]
[WhiteElo "2031"]
[BlackElo "2121"]
[PlyCount "52"]
[EventDate "2009.04.17"]
[EventType "swiss"]
[EventRounds "8"]
[EventCountry "ESP"]
[SourceTitle "EXT 2024"]
[Source "ChessBase"]
[SourceDate "2023.10.10"]
[SourceVersion "1"]
[SourceVersionDate "2023.10.10"]
[SourceQuality "1"]

1. d4 Nf6 2. Nc3 g6 3. e4 d6 4. Bc4 Bg7 5. Qe2 e5 6. dxe5 dxe5 7. Nf3 Nbd7 8. Bg5 c6 9. h4 h6 10. Bxf6 Qxf6 11. h5 g5 12. 0-0-0 0-0 13. Rd2 Nb6 14. Bb3 Bg4 15. Nd1 Rfd8 16. Ne3 Rxd2 17. Kxd2 Qf4 18. Ke1 Qxe4 19. Nxg4 Qxg4 20. Bxf7+ Kh8 21. c3 Rf8 22. Qe3 Rxf7 23. Nxe5 Bxe5 24. Qxe5+ Kg8 25. Qe8+ Kg7 26. Qe5+ Kh7 0-1

[Event "ESP-ch Universities"]
[Site "Madrid"]
[Date "2008.05.09"]
[Round "5"]
[White "Rivas Vila, David"]
[Black "Plasencia Martinez, Victor"]
[Result "1/2-1/2"]
[WhiteElo "2242"]
[BlackElo "2088"]
[PlyCount "120"]
[EventDate "2008.05.08"]
[EventType "swiss"]
[EventRounds "9"]
[EventCountry "ESP"]
[SourceTitle "CBM 124 Extra"]
[Source "ChessBase"]
[SourceDate "2008.07.03"]
[SourceVersion "1"]
[SourceVersionDate "2008.07.03"]
[SourceQuality "1"]

1. g3 g6 2. Bg2 Bg7 3. f4 d6 4. Nf3 c5 5. 0-0 Nf6 6. d3 0-0 7. Qe1 Nc6 8. c3 Rb8 9. h3 Qc7 10. g4 e6 11. e4 b6 12. Nh4 Ba6 13. Qg3 d5 14. e5 Nd7 15. Rd1 Rfd8 16. Be3 b5 17. Nd2 c4 18. b4 Ndxe5 19. d4 Nd3 20. Qf3 f5 21. Bf1 Nb2 22. Re1 Bc8 23. Bf2 Na4 24. Rac1 a5 25. a3 axb4 26. axb4 Ra8 27. Rc2 Qd6 28. Rb1 Nb6 29. Ng2 Ra3 30. Qe2 Na4 31. Rbc1 Nxc3 32. Rxc3 Rxc3 33. Rxc3 Nxd4 34. Qe1 Ne2+ 35. Qxe2 Bxc3 36. Bc5 Qc7 37. Qf2 d4 38. Nf3 d3 39. Bb6 Qd6 40. Bc5 Qc6 41. Ne3 Bb7 42. Bg2 Qd7 43. Kh1 Ra8 44. Ne5 Bxe5 45. fxe5 Ra1+ 46. Kh2 Bxg2 47. Qxg2 d2 48. Bd6 Kf7 49. gxf5 d1Q 50. fxg6+ hxg6 51. Nxd1 Kg7 52. Qd2 Qa7 53. Bc5 Ra2 54. Nb2 Qf7 55. Bd4 Qf3 56. Bc3 Ra3 57. Nd1 Qd3 58. Qe1 Ra2+ 59. Nf2 Qf3 60. Kg1 Qg3+ 1/2-1/2